[Event "LJEM M-V 2023 u12"]
[Site "Fleether Mühle"]
[Date "2023.02.07"]
[Round "6.2"]
[White "Lott, Konstantin"]
[Black "Gavrylyuk, Oleksandr"]
[Result "0-1"]
[WhiteElo "873"]
[BlackElo "1226"]
[Time "14:30:00"]
[WhiteTeam "Think Rochade - SC HRO"]
[BlackTeam "TuS Makkabi Rostock"]

1.e4 c5 2.Bc4 Nc6 3.Nf3 e6 4.d3 Qc7 5.Bf4 Qxf4 6.Nc3 a6 7.O-O Nf6 8.Qe1 
Ng4 9.Ne2 Qc7 10.h3 Nge5 11.Nxe5 Nxe5 12.Qd1 Nxc4 13.dxc4 Qd6 14.Qc1 Be7 
15.Ng3 b5 16.b3 Bf6 17.Rb1 bxc4 18.bxc4 Rb8 19.Rxb8 Qxb8 20.Qa3 Bd4 21.c3 
Qxg3 22.Qc1 Qxc3 23.Qf4 O-O 24.Rc1 Qb2 25.Rf1 Qxa2 26.e5 Qxc4 27.Rb1 Qd5 
28.Re1 Bb7 29.Qg3 f6 30.exf6 Rxf6 31.Rf1 Rxf2 32.Rxf2 Bxf2+ 33.Qxf2 Qd4 
0-1

[Event "LJEM M-V 2023 u12"]
[Site "Fleether Mühle"]
[Date "2023.02.07"]
[Round "6.3"]
[White "Vakeel, Eshwar"]
[Black "Briese, Sophie"]
[Result "1-0"]
[WhiteElo "1291"]
[BlackElo "1050"]
[Time "14:30:00"]
[WhiteTeam "SSC Rostock 07"]
[BlackTeam "SAV Torgelow-Drögeheide 90"]

1.e4 c6 2.d4 d5 3.exd5 cxd5 4.Bd3 Nc6 5.c3 g6 6.Nf3 Bg4 7.h3 Bxf3 8.Qxf3 
Bg7 9.O-O Nf6 10.Bg5 h6 11.Bf4 O-O 12.Nd2 e6 13.Qe3 a6 14.Bxh6 b5 15.Nf3 
Ne4 16.Bxg7 Kxg7 17.Bxe4 dxe4 18.Qxe4 Rc8 19.Rad1 Ne7 20.Qe5+ Kg8 21.Qg5 
Kg7 22.h4 Rh8 23.Qe5+ Kg8 24.Qf6 Nf5 25.Qxd8+ Rxd8 26.g3 Kg7 27.b3 f6 28.
Rfe1 Kf7 29.c4 bxc4 30.bxc4 Rh7 31.d5 exd5 32.cxd5 Rh6 33.Re6 Rxd5 34.
Rxf6+ Kxf6 35.Rxd5 1-0

[Event "LJEM M-V 2023 u12"]
[Site "Fleether Mühle"]
[Date "2023.02.07"]
[Round "6.4"]
[White "Subocz, Barbara"]
[Black "Wetzig, Karl Anton"]
[Result "1-0"]
[WhiteElo "900"]
[BlackElo "936"]
[Time "14:30:00"]
[WhiteTeam "SAV Torgelow-Drögeheide 90"]
[BlackTeam "SF Schwerin"]

1.e4 c5 2.Nf3 e6 3.c3 d5 4.exd5 exd5 5.d4 Nc6 6.Be3 a6 7.dxc5 Nf6 8.Be2 
Ng4 9.Bd4 Nxd4 10.cxd4 Nf6 11.Ne5 Ne4 12.O-O Qg5 13.Qa4+ b5 14.cxb6+ Kd8 
15.Nxf7+ Ke7 16.Nxg5 Nxg5 17.Qa5 Bb7 18.Nc3 Kd6 19.Qc5+ Ke6 20.Bg4+ Kf7 
21.Qc7+ Be7 22.Qxb7 Rhd8 23.Nxd5 Rab8 24.Qc6 Rd6 25.Qc5 Ne4 26.Qc2 Nf6 27.
Nxf6 Bxf6 28.Qxh7 Rbxb6 29.Qh5+ Ke7 30.Rfe1+ Kd8 31.Qe8+ Kc7 32.Rac1+ Rbc6
33.d5 Rxc1 34.Rxc1+ Kb6 35.Qb8+ 1-0

[Event "LJEM M-V 2023 u12"]
[Site "Fleether Mühle"]
[Date "2023.02.07"]
[Round "6.5"]
[White "Jaap, Leo"]
[Black "Isaiev, Andrii"]
[Result "1/2-1/2"]
[WhiteElo "790"]
[BlackElo "796"]
[Time "14:30:00"]
[WhiteTeam "Greifswalder SV"]
[BlackTeam "TuS Makkabi Rostock"]

1.e4 e5 2.Nf3 Nc6 3.Bc4 Bc5 4.c3 Nf6 5.d3 d6 6.a4 O-O 7.b4 Bxb4 8.cxb4 
Nxb4 9.Ba3 Nc6 10.O-O Re8 11.Re1 Bg4 12.Nbd2 Nd4 13.h3 Bh5 14.Bb2 Nc6 15.
Nf1 h6 16.Ng3 Bg6 17.Bc3 a6 18.Rb1 Ra7 19.Bd2 b6 20.Be3 Na5 21.Qd2 Nxc4 
22.dxc4 c5 23.Red1 Rd7 24.Ra1 a5 25.Rab1 Qc7 26.Qb2 Rb8 27.Qc2 Qc6 28.Bd2 
Nxe4 29.Nxe4 Bxe4 30.Qc3 Bxb1 31.Rxb1 e4 32.Nh4 f6 33.Qg3 g5 34.Bc3 Kg7 
35.Nf5+ Kg6 36.Qg4 Re8 37.Re1 d5 38.Nh4+ Kg7 39.Qf5 Rd6 40.Qg6+ Kf8 41.Nf5
Rd7 42.Qxh6+ Kg8 43.Qg6+ Kf8 44.Nh6 Rg7 45.Qf5 dxc4 46.Bxf6 Ra7 47.Bxg5+ 
Kg7 48.Ng4 Rf7 49.Nf6 Rxf6 50.Bxf6+ Qxf6 51.Qxf6+ Kxf6 52.f3 Kf5 53.fxe4+ 
Rxe4 54.Rf1+ Ke5 55.g4 Rf4 56.Re1+ Kf6 57.Kg2 c3 58.Rc1 Rxa4 59.Rxc3 c4 
60.Kg3 Kg5 61.h4+ Kf6 62.Kf4 b5 63.h5 b4 64.Rxc4 Ra3 65.g5+ Kg7 66.Rc7+ 
Kf8 67.Kf5 b3 68.Rb7 a4 69.Kg6 Ra1 70.h6 Rh1 71.h7 Rh2 72.Rb8+ Ke7 73.h8=Q
Rxh8 74.Rxh8 a3 75.Rh1 a2 76.Re1+ Kd6 77.Rd1+ Ke7 78.Re1+ Kd6 1/2-1/2

[Event "LJEM M-V 2023 u12"]
[Site "Fleether Mühle"]
[Date "2023.02.07"]
[Round "6.6"]
[White "Lange, Friedrich"]
[Black "Wilke, Ronja"]
[Result "0-1"]
[WhiteElo "883"]
[BlackElo "1193"]
[Time "14:30:00"]
[WhiteTeam "TSG Neustrelitz"]
[BlackTeam "SAV Torgelow-Drögeheide 90"]

1.d4 Nf6 2.Bf4 g6 3.e3 Bg7 4.Nf3 O-O 5.Nc3 d6 6.Bd3 Qe8 7.e4 c6 8.e5 dxe5 
9.dxe5 Nd5 10.Nxd5 cxd5 11.O-O Bg4 12.Be2 Bxf3 13.Bxf3 e6 14.Re1 Nd7 15.
Qd4 b6 16.c4 Rc8 17.cxd5 exd5 18.Bxd5 Qd8 19.Qe3 Nxe5 20.Bxe5 Qxd5 21.Bxg7
Kxg7 22.Qe5+ Qxe5 23.Rxe5 Rfe8 24.Rxe8 Rxe8 25.h3 a5 26.a3 Re2 27.b4 axb4 
28.axb4 Rb2 29.Ra4 Rb3 30.Kf1 b5 31.Ra1 Rxb4 32.Ke2 Rd4 33.Rb1 Rd5 34.Ke3 
f5 35.f4 Kf6 36.g4 Ke6 37.Rb4 Kd6 38.Rb3 Kc5 39.Rc3+ Kb4 40.Rd3 Rxd3+ 41.
Kxd3 Ka3 42.Kd4 b4 43.Ke5 b3 44.gxf5 gxf5 45.Kxf5 b2 46.Ke5 b1=Q 47.f5 Qb3
48.f6 Qxh3 49.f7 Qf1 50.Ke6 h5 51.Ke7 h4 52.Ke8 Ka4 53.Ke7 Qe2+ 54.Kd8 Qf3
55.Ke8 h3 56.Ke7 Qxf7+ 57.Kxf7 h2 58.Ke6 h1=Q 59.Ke5 Qf3 60.Kd4 Qe2 61.Kc3
Qe4 62.Kd2 Kb3 63.Kc1 Qc2# 0-1

[Event "LJEM M-V 2023 u12"]
[Site "Fleether Mühle"]
[Date "2023.02.07"]
[Round "6.7"]
[White "Martinez, Gabriel"]
[Black "Brandauer, Pia Marie"]
[Result "1-0"]
[WhiteElo "793"]
[BlackElo "880"]
[Time "14:30:00"]
[WhiteTeam "Think Rochade - SC HRO"]
[BlackTeam "SAV Torgelow-Drögeheide 90"]

1.e4 c6 2.d4 d5 3.exd5 cxd5 4.Bb5+ Bd7 5.Bxd7+ Nxd7 6.Nf3 e6 7.O-O Ngf6 8.
Bg5 Be7 9.Bxf6 Bxf6 10.c3 O-O 11.h3 e5 12.dxe5 Nxe5 13.Nxe5 Bxe5 14.Re1 
Re8 15.Nd2 Qf6 16.Nf3 Bd6 17.Rxe8+ Rxe8 18.Qa4 Ra8 19.Re1 Kf8 20.Kf1 a6 
21.Qc2 b5 22.Qxh7 Qh6 23.Qxh6 gxh6 24.Nd4 Bf4 25.g3 Bd2 26.Rd1 Bg5 27.Nf3 
Bd8 28.Rxd5 Rb8 29.h4 Bf6 30.Rf5 Be7 31.Ne5 Rd8 32.Nxf7 Rd1+ 33.Ke2 Ra1 
34.Nxh6+ Kg7 35.Ng4 Kg6 36.Rd5 Rxa2 37.h5+ Kg7 38.h6+ Kh7 39.Rd7 Rxb2+ 40.
Kf3 Kh8 41.Rxe7 a5 42.Nf6 a4 43.h7 a3 44.Re8+ Kg7 45.h8=Q+ Kg6 46.Rg8+ Kf5
47.g4+ Ke5 48.Nd7+ Kd5 49.Qd4+ Ke6 50.Rg6+ Kf7 51.Qf6+ Ke8 52.Rg7 a2 53.
Qf8# 1-0

[Event "LJEM M-V 2023 u12"]
[Site "Fleether Mühle"]
[Date "2023.02.07"]
[Round "6.8"]
[White "Schmechel, Arthur"]
[Black "Hampe, Adrian"]
[Result "1-0"]
[WhiteElo "764"]
[BlackElo "763"]
[Time "14:30:00"]
[WhiteTeam "SG Güstrow/Teterow"]
[BlackTeam "Lok Gymnas Pritzwalk"]

1.e4 e5 2.Nf3 Nc6 3.Bc4 Bc5 4.Ng5 Qxg5 5.O-O d6 6.d4 Bh3 7.Bxg5 Bxd4 8.c3 
f6 9.Bd2 Bc5 10.Qh5+ g6 11.Qxh3 Nge7 12.Qe6 Rf8 13.Bh6 Nd8 14.Bb5+ 1-0

[Event "LJEM M-V 2023 u12"]
[Site "Fleether Mühle"]
[Date "2023.02.07"]
[Round "6.9"]
[White "Volkmann, Liliera"]
[Black "Lieb, Attila"]
[Result "0-1"]
[WhiteElo "844"]
[BlackElo "748"]
[Time "14:30:00"]
[WhiteTeam "TuS Makkabi Rostock"]
[BlackTeam "ESV 1888 Wittenberge"]

1.d4 d5 2.Nf3 Nf6 3.Bf4 Bf5 4.e3 c6 5.Nbd2 Qb6 6.Rb1 e6 7.c3 Be7 8.Be2 
Nbd7 9.Ne5 Nxe5 10.dxe5 Ne4 11.Bd3 h6 12.h3 O-O 13.Nxe4 Bxe4 14.Bxe4 dxe4 
15.Qg4 g5 16.Bg3 Qa5 17.a3 Qb6 18.Qxe4 Bxa3 19.bxa3 f5 20.Qf3 Qxb1+ 21.Kd2
Qxh1 22.Kc2 Rad8 23.Qh5 Kh7 24.h4 gxh4 25.Bxh4 Rg8 26.Qf7+ Rg7 27.Qf6 Qd1+
28.Kb2 Rd2# 0-1

[Event "LJEM M-V 2023 u12"]
[Site "Fleether Mühle"]
[Date "2023.02.07"]
[Round "6.10"]
[White "Stigge, Jakob"]
[Black "Ludwig, Theo Lennard"]
[Result "0-1"]
[WhiteElo "786"]
[BlackElo "746"]
[Time "14:30:00"]
[WhiteTeam "SSC Rostock 07"]
[BlackTeam "SV Grün-Weiß 90 Anklam"]

1.e4 e5 2.Nf3 Nc6 3.Bc4 Bc5 4.Nc3 Nf6 5.d3 d6 6.h3 Nd4 7.O-O O-O 8.Bg5 h6 
9.Bxf6 Qxf6 10.Nxd4 Bxd4 11.Nd5 Qg5 12.g3 Bxh3 13.Re1 Qxg3+ 14.Kh1 Qg2# 
0-1

[Event "LJEM M-V 2023 u12"]
[Site "Fleether Mühle"]
[Date "2023.02.08"]
[Round "7.1"]
[White "Gavrylyuk, Oleksandr"]
[Black "Vakeel, Eshwar"]
[Result "1-0"]
[WhiteElo "1226"]
[BlackElo "1291"]
[Time "08:30:00"]
[WhiteTeam "TuS Makkabi Rostock"]
[BlackTeam "SSC Rostock 07"]

1.d4 d5 2.Bf4 Nf6 3.Nf3 Bf5 4.e3 a6 5.c3 Nc6 6.Nbd2 e6 7.Be2 Bd6 8.Bg3 O-O
9.Ne5 Nxe5 10.dxe5 Ne4 11.exd6 Nxg3 12.hxg3 Qxd6 13.Bg4 Bd3 14.Nb3 Bc4 15.
Qc2 f5 16.Be2 b5 17.g4 a5 18.gxf5 exf5 19.Nd4 Bxe2 20.Kxe2 Qe5 21.Rh3 g6 
22.Rah1 Rf7 23.f4 Qe8 24.Nf3 Re7 25.Ne5 Rg7 26.Qd1 g5 27.Qxd5+ Kh8 28.Ng6+
1-0

[Event "LJEM M-V 2023 u12"]
[Site "Fleether Mühle"]
[Date "2023.02.08"]
[Round "7.2"]
[White "Schröder, Hannes Artur"]
[Black "Lott, Konstantin"]
[Result "1-0"]
[WhiteElo "1290"]
[BlackElo "873"]
[EventDate "2023.??.??"]
[PlyCount "87"]
[WhiteTeam "SG Eintracht Neubrandenburg"]
[BlackTeam "Think Rochade - SC HRO"]

1.e4 e5 2.Nf3 Nc6 3.Bc4 Nf6 4.Nc3 Bc5 5.d3 d6 6.Bg5 Bg4 7.O-O Nd4 8.h3 
Nxf3+ 9.gxf3 Bxh3 10.Re1 h6 11.Bh4 Qd7 12.Bg3 O-O-O 13.a4 Nh5 14.Kh2 Nf4 
15.Bxf4 exf4 16.Qd2 Be6 17.Bxe6 Qxe6 18.d4 Bb4 19.Qxf4 g5 20.Qg4 Qxg4 21.
fxg4 c6 22.Re3 f6 23.a5 a6 24.Ne2 Bd2 25.Rd3 Bf4+ 26.Nxf4 gxf4 27.Rf3 Rhg8
28.Rxf4 Rg6 29.b4 b5 30.Rc1 d5 31.exd5 Rxd5 32.c4 bxc4 33.Rxc4 Kb7 34.Re4 
Kc7 35.f3 f5 36.Re5 Kd6 37.gxf5 Rf6 38.Re6+ Rxe6 39.fxe6 Rh5+ 40.Kg3 Rg5+ 
41.Kf4 Kxe6 42.Rxc6+ Kd7 43.Rxh6 Rb5 44.Rb6 1-0

[Event "LJEM M-V 2023 u12"]
[Site "Fleether Mühle"]
[Date "2023.02.08"]
[Round "7.3"]
[White "Briese, Sophie"]
[Black "Jakobi, Paul Leonhard"]
[Result "1-0"]
[WhiteElo "1050"]
[BlackElo "888"]
[Time "08:30:00"]
[WhiteTeam "SAV Torgelow-Drögeheide 90"]
[BlackTeam "SF Schwerin"]

1.e4 e5 2.Nf3 Nc6 3.Nc3 Nf6 4.Bb5 d6 5.O-O Bg4 6.d3 h6 7.h3 Bh5 8.Nd5 Be7 
9.Nc3 O-O 10.Bxc6 bxc6 11.Be3 c5 12.Nd5 Nxd5 13.exd5 Rb8 14.b3 Bf6 15.c4 
e4 16.dxe4 Bxa1 17.Qxa1 Bxf3 18.gxf3 Qd7 19.Kh2 c6 20.Qc3 cxd5 21.cxd5 f5 
22.Rg1 Rb7 23.Bxh6 Rf7 24.e5 dxe5 25.Qxe5 Qc7 26.Qxc7 Rbxc7 27.Bf4 Rcd7 
28.d6 Kf8 29.Rc1 a5 30.Rxc5 a4 31.Rc8+ 1-0

[Event "LJEM M-V 2023 u12"]
[Site "Fleether Mühle"]
[Date "2023.02.08"]
[Round "7.4"]
[White "Wilke, Ronja"]
[Black "Jaap, Leo"]
[Result "1-0"]
[WhiteElo "1193"]
[BlackElo "790"]
[Time "08:30:00"]
[WhiteTeam "SAV Torgelow-Drögeheide 90"]
[BlackTeam "Greifswalder SV"]

1.e4 e5 2.Nf3 Nc6 3.Bc4 Bc5 4.c3 Nf6 5.d4 exd4 6.e5 Ne4 7.Bd5 f5 8.cxd4 
Bb4+ 9.Bd2 Nxd2 10.Nbxd2 Ne7 11.Bb3 Ng6 12.O-O b6 13.a3 Ba5 14.Bd5 c6 15.
Ba2 Ba6 16.Re1 c5 17.Rb1 Bd3 18.Qb3 Rf8 19.Qxd3 Nf4 20.Qb3 cxd4 21.g3 Nh3+
22.Kg2 Ng5 23.Re2 Nxf3 24.Nxf3 g5 25.e6 Ke7 26.exd7+ Kxd7 27.Rc1 Rf6 28.
Qd5+ Rd6 29.Qxf5+ Re6 30.Qxe6# 1-0

[Event "LJEM M-V 2023 u12"]
[Site "Fleether Mühle"]
[Date "2023.02.08"]
[Round "7.5"]
[White "Martinez, Gabriel"]
[Black "Subocz, Barbara"]
[Result "1/2-1/2"]
[WhiteElo "793"]
[BlackElo "900"]
[Time "08:30:00"]
[WhiteTeam "Think Rochade - SC HRO"]
[BlackTeam "SAV Torgelow-Drögeheide 90"]

1.e4 c5 2.Bb5 a6 3.Bc4 d6 4.Nf3 Nf6 5.Ng5 e6 6.O-O g6 7.d3 Bg7 8.Nd2 O-O 
9.Ndf3 h6 10.e5 dxe5 11.Ne4 b5 12.Nxf6+ Bxf6 13.Bb3 Bg7 14.Be3 Nd7 15.a3 
a5 16.a4 Ba6 17.c4 bxa4 18.Bxa4 Rc8 19.Bxd7 Qxd7 20.Qd2 Kh7 21.Rxa5 Bb7 
22.Rxc5 Bxf3 23.Rxc8 Rxc8 24.gxf3 Qe7 25.Re1 Qh4 26.b3 Bf8 27.b4 Rd8 28.c5
e4 29.fxe4 Bg7 30.Kf1 Qxh2 31.c6 Rc8 32.b5 Qh1+ 33.Ke2 Qh5+ 34.f3 Ra8 35.
b6 Qh2+ 36.Bf2 Bd4 37.Rf1 Bxb6 38.d4 1/2-1/2

[Event "LJEM M-V 2023 u12"]
[Site "Fleether Mühle"]
[Date "2023.02.08"]
[Round "7.6"]
[White "Isaiev, Andrii"]
[Black "Wetzig, Karl Anton"]
[Result "0-1"]
[WhiteElo "796"]
[BlackElo "936"]
[Time "08:30:00"]
[WhiteTeam "TuS Makkabi Rostock"]
[BlackTeam "SF Schwerin"]

1.e4 c5 2.d3 e6 3.g3 d6 4.Bg2 Nc6 5.Be3 Be7 6.f4 e5 7.c3 g6 8.Nf3 Bg4 9.h3
Be6 10.Nbd2 b5 11.a3 c4 12.dxc4 bxc4 13.Qa4 Bd7 14.Qxc4 Na5 15.Qe2 a6 16.
fxe5 dxe5 17.Nxe5 Qb8 18.Rb1 Qxe5 19.Bd4 Qxg3+ 20.Kd1 Nf6 21.e5 Bb5 22.Qf3
Qxf3+ 23.Bxf3 O-O 24.exf6 Rae8 25.fxe7 Rxe7 26.Bb6 Nb7 27.Bxb7 Rxb7 28.Bd4
Re8 29.c4 Bxc4 30.Nxc4 Re4 31.Na5 Rxd4+ 32.Ke2 Re7+ 33.Kf3 Ree4 34.Rhf1 
Re6 35.Nb3 Rd3+ 36.Kg2 Rxb3 37.Rf2 Ree3 38.Rh1 Rg3+ 39.Kh2 Rxh3+ 40.Kg1 
Rbg3+ 41.Rg2 Rxg2+ 42.Kxg2 Rxh1 43.Kxh1 f5 44.b4 Kf7 45.a4 Ke6 46.Kg2 Kd5 
47.b5 axb5 48.axb5 Kc5 0-1

[Event "LJEM M-V 2023 u12"]
[Site "Fleether Mühle"]
[Date "2023.02.08"]
[Round "7.7"]
[White "Lieb, Attila"]
[Black "Schmechel, Arthur"]
[Result "0-1"]
[WhiteElo "748"]
[BlackElo "764"]
[Time "08:30:00"]
[WhiteTeam "ESV 1888 Wittenberge"]
[BlackTeam "SG Güstrow/Teterow"]

1.d4 d5 2.Nf3 Nf6 3.Bf4 Bf5 4.c3 Nc6 5.Qb3 Na5 6.Qa4+ c6 7.e3 b5 8.Qd1 e6 
9.Bd3 Bxd3 10.Qxd3 Nc4 11.b3 Nb2 12.Qc2 Ba3 13.Nxa3 Qe7 14.Qxb2 b4 15.Nc2 
bxc3 16.Qxc3 O-O 17.Qxc6 Ne4 18.Rc1 Rac8 19.Qb5 Nc3 20.Qd3 Nxa2 21.Ra1 Rc3
22.Qd2 Rxb3 23.Rxa2 Rb1+ 24.Ke2 Rxh1 25.Ra1 Rxa1 26.Nxa1 Qa3 27.Nc2 Qa6+ 
28.Qd3 Qxd3+ 29.Kxd3 Rc8 30.Bd6 Rc6 31.Bc5 a5 32.Ne5 Ra6 33.f3 f6 34.Nd7 
h5 35.h4 Kf7 36.g4 Ke8 37.Nb6 Kd8 38.Na4 hxg4 39.fxg4 Ke8 40.Nc3 Kf7 41.
Ne2 Kg6 42.Ng1 f5 43.gxf5+ Kxf5 44.Nf3 Kg4 45.Ng5 Kxh4 46.Nf3+ Kg4 47.Ne5+
Kf5 48.Bf8 g6 49.Nf3 Ra8 50.Be7 a4 51.Ke2 Ke4 52.Ne5 Rc8 53.Kd2 Kf5 54.Ba3
g5 55.Nb4 g4 56.Nbc6 Re8 57.Ne7+ Kg5 58.Nf7+ Kf6 59.Nd6 Rxe7 60.Nb5 Rh7 
0-1

[Event "LJEM M-V 2023 u12"]
[Site "Fleether Mühle"]
[Date "2023.02.08"]
[Round "7.8"]
[White "Ludwig, Theo Lennard"]
[Black "Lange, Friedrich"]
[Result "1-0"]
[WhiteElo "746"]
[BlackElo "883"]
[Time "08:30:00"]
[WhiteTeam "SV Grün-Weiß 90 Anklam"]
[BlackTeam "TSG Neustrelitz"]

1.e4 c5 2.Nc3 Nc6 3.Nf3 g6 4.Bc4 Bg7 5.O-O d6 6.d3 Nf6 7.Ng5 e6 8.Bf4 O-O 
9.Bb5 e5 10.Bxc6 bxc6 11.Be3 Ng4 12.Qe2 Nxe3 13.Qxe3 Bh6 14.h4 f6 15.Nf7 
Bxe3 16.Nxd8 Rxd8 17.fxe3 Rf8 18.Rf3 Be6 19.Rg3 Rf7 20.h5 g5 21.Rf1 h6 22.
a3 Raf8 23.Ne2 d5 24.exd5 cxd5 25.e4 dxe4 26.dxe4 f5 27.exf5 Rxf5 28.Rxf5 
Bxf5 29.Rf3 Bg4 30.Rxf8+ Kxf8 31.Ng3 Kf7 32.Ne4 Bxh5 33.Nxc5 Bg6 34.c4 e4 
35.Nd7 e3 36.Ne5+ Kf6 37.Nxg6 Kxg6 38.Kf1 Kf5 39.Ke2 Ke4 40.g4 Kf4 41.c5 
Ke5 42.Kxe3 Kd5 43.b4 a5 44.Kd3 axb4 45.axb4 Kc6 46.Kc4 h5 47.gxh5 g4 48.
h6 g3 49.h7 g2 50.h8=Q g1=Q 51.Qh6+ Kd7 52.Qd6+ Ke8 53.c6 Qc1+ 54.Kb5 Qg5+
55.Qc5 Qd8 56.c7 Qc8 57.Qd6 Qf5+ 58.Kc6 Qc2+ 59.Kb7 Qg2+ 60.Kb8 Kf7 61.
c8=Q Kg7 62.Qcc7+ Kh8 63.Qdd8+ Qg8 64.Qxg8+ Kxg8 65.Kb7 Kf8 66.Kc6 Kg8 67.
Kd6 Kf8 68.Ke6 Kg8 69.Kf6 Kf8 70.Qf7# 1-0

[Event "LJEM M-V 2023 u12"]
[Site "Fleether Mühle"]
[Date "2023.02.08"]
[Round "7.9"]
[White "Brandauer, Pia Marie"]
[Black "Hampe, Adrian"]
[Result "0-1"]
[WhiteElo "880"]
[BlackElo "763"]
[Time "08:30:00"]
[WhiteTeam "SAV Torgelow-Drögeheide 90"]
[BlackTeam "Lok Gymnas Pritzwalk"]

1.e4 e5 2.Nf3 Nc6 3.Bc4 Bc5 4.c3 Nf6 5.d4 exd4 6.e5 Ne4 7.cxd4 Bb4+ 8.Bd2 
Bxd2+ 9.Nbxd2 Nxd2 10.Qxd2 d6 11.d5 Nxe5 12.Nxe5 dxe5 13.O-O O-O 14.Rae1 
Re8 15.Qc3 Qg5 16.Qf3 Bf5 17.h3 e4 18.Qg3 Qxg3 19.fxg3 g6 20.Bb5 Re5 21.g4
Rxd5 22.gxf5 Rxb5 23.Rxe4 gxf5 24.Re7 c6 25.Rf2 Rd8 26.g4 Rd1+ 27.Kg2 fxg4
28.hxg4 Rd4 29.Rfxf7 Rxg4+ 30.Kf3 Rbg5 31.Rf4 Rxf4+ 32.Kxf4 Rg7 33.Re4 h5 
34.b4 Rg4+ 35.Kf3 Rxe4 36.Kxe4 Kg7 37.a4 Kg6 38.Kf4 Kf6 39.Kg3 Ke5 40.Kh4 
Kd4 41.Kxh5 Kc4 42.b5 cxb5 43.axb5 Kxb5 44.Kg4 Kb4 0-1

[Event "LJEM M-V 2023 u12"]
[Site "Fleether Mühle"]
[Date "2023.02.08"]
[Round "7.10"]
[White "Volkmann, Liliera"]
[Black "Stigge, Jakob"]
[Result "0-1"]
[WhiteElo "844"]
[BlackElo "786"]
[Time "08:30:00"]
[WhiteTeam "TuS Makkabi Rostock"]
[BlackTeam "SSC Rostock 07"]

1.d4 d5 2.Nf3 Nc6 3.Bf4 Bf5 4.a3 Nf6 5.e3 a6 6.Be2 e6 7.Nbd2 Bd6 8.Bg5 O-O
9.O-O Be7 10.Nh4 Be4 11.Bd3 Bxd3 12.cxd3 Nd7 13.Bf4 Bxh4 14.Qg4 Bf6 15.Bh6
Re8 16.e4 dxe4 17.Nxe4 g6 18.Nxf6+ Nxf6 19.Qg5 Nxd4 20.Rfe1 Nf5 21.Re3 
Nxe3 22.fxe3 e5 23.d4 exd4 24.Rd1 Ne4 25.Qf4 Qf6 26.Rf1 Qxf4 27.Rxf4 dxe3 
28.Rf1 Nd2 29.Re1 Nc4 30.h4 Rad8 31.Kf1 e2+ 32.Kf2 Rd1 33.Rxe2 Rxe2+ 34.
Kxe2 Rd4 35.b3 Re4+ 36.Kd3 Rxh4 37.Bg5 Ne5+ 38.Kc3 Rh5 39.Bf4 f6 40.g4 
Rh3+ 41.Kb2 Nd3+ 42.Kc3 Nxf4+ 0-1

[Event "LJEM M-V 2023 u14"]
[Site "Fleether Mühle"]
[Date "2023.02.04"]
[Round "1.1"]
[White "Herrmann, Jakob"]
[Black "Pommerehnke, Marla"]
[Result "1-0"]
[WhiteElo "1974"]
[BlackElo "1155"]
[Time "14:30:00"]
[WhiteTeam "SAV Torgelow-Drögeheide 90"]
[BlackTeam "TuS Makkabi Rostock"]

1.e4 e5 2.Nf3 Nc6 3.d4 d6 4.Bb5 Bd7 5.Nc3 g6 6.Bg5 Nf6 7.dxe5 dxe5 8.Bxc6 
Bxc6 9.Qxd8+ Rxd8 10.Bxf6 Rd7 11.Bxh8 Re7 12.Nxe5 Re6 13.Nxc6 Rxc6 14.Be5 
Bb4 15.O-O-O f6 16.Nd5 1-0

[Event "LJEM M-V 2023 u14"]
[Site "Fleether Mühle"]
[Date "2023.02.04"]
[Round "1.2"]
[White "Garde, Edgar Emil"]
[Black "Brandt, Mattis"]
[Result "0-1"]
[WhiteElo "1113"]
[BlackElo "1323"]
[Time "14:30:00"]
[WhiteTeam "TuS Makkabi Rostock"]
[BlackTeam "Greifswalder SV"]

1.d4 d5 2.c4 e6 3.Nf3 Nf6 4.Bf4 Nbd7 5.e3 c6 6.Be2 Qb6 7.Qc2 Be7 8.Nbd2 
O-O 9.O-O dxc4 10.Nxc4 Qd8 11.Nce5 Nxe5 12.Nxe5 Nd5 13.Qe4 f5 14.Qf3 g5 
15.Bxg5 Bxg5 16.Qg3 f4 17.Qg4 fxe3 18.fxe3 Rxf1+ 19.Rxf1 Nxe3 20.Rf8+ Kxf8
21.Qh5 Qf6 22.Qxh7 Qg7 23.Qh5 b6 24.Nxc6 Bb7 25.Bb5 a6 26.Ne5 axb5 27.Nd7+
Qxd7 28.Qh8+ Ke7 29.Qg7+ Kd6 30.Qxg5 Nf5 31.Qf4+ Kc6 32.Qc1+ Kd5 33.Kf2 
Qc6 34.Qf4 Qc2+ 0-1

[Event "LJEM M-V 2023 u14"]
[Site "Fleether Mühle"]
[Date "2023.02.04"]
[Round "1.3"]
[White "Stepanjan, Tatevik Mia"]
[Black "Tank, Julian"]
[Result "1-0"]
[WhiteElo "1128"]
[BlackElo "1080"]
[Time "14:30:00"]
[WhiteTeam "ESV 1888 Wittenberge"]
[BlackTeam "Think Rochade - SC HRO"]

1.e4 e5 2.Nf3 Nc6 3.Bb5 d6 4.Nc3 Bd7 5.d3 Nf6 6.Bg5 Be7 7.O-O h6 8.Bh4 O-O
9.Re1 Re8 10.Bc4 Bg4 11.h3 Bh5 12.Nb1 a6 13.Nbd2 Qd7 14.c3 Rab8 15.Qb3 Na5
16.Qd1 Nxc4 17.Nxc4 Bd8 18.Ncd2 d5 19.Qc2 dxe4 20.dxe4 c6 21.Bg3 Bc7 22.a4
a5 23.b4 b6 24.Re3 Qc8 25.Bh4 Qe6 26.Qb3 Qd6 27.Nc4 Qd8 28.Rd1 Qe7 29.Rde1
Qd8 30.Bg3 Bxf3 31.Rxf3 Re6 32.Bh4 Qe8 33.Bxf6 Rxf6 34.Rxf6 gxf6 35.Rd1 
Qe7 36.Rd3 Kh7 37.Nd2 Rg8 38.Nf3 f5 39.exf5 e4 40.Re3 Bf4 41.Re2 Rd8 42.
Nd4 Qd7 43.Rxe4 Bd6 44.f6 Re8 45.Rxe8 Qxe8 46.Nf3 Qe4 47.Qxf7+ Kh8 48.Qg7#
1-0

[Event "LJEM M-V 2023 u14"]
[Site "Fleether Mühle"]
[Date "2023.02.04"]
[Round "1.4"]
[White "Natsagdorj, Zelme"]
[Black "Peilert, Maximilian"]
[Result "1-0"]
[WhiteElo "1048"]
[BlackElo "1317"]
[Time "14:30:00"]
[WhiteTeam "SC Mecklenburger Springer"]
[BlackTeam "Think Rochade - SC HRO"]

1.e4 c6 2.d4 d5 3.e5 c5 4.Nf3 Nc6 5.Be3 Bg4 6.c3 e6 7.Be2 Qb6 8.Qd2 Bxf3 
9.Bxf3 cxd4 10.cxd4 Bb4 11.Nc3 Nge7 12.O-O Nf5 13.Rfd1 O-O 14.a3 Nxe3 15.
Qxe3 Be7 16.b4 h6 17.Qd3 a6 18.Rac1 Bg5 19.Rc2 Ne7 20.Na4 Qd8 21.Nc5 Rb8 
22.Rf1 Ng6 23.g3 Re8 24.Bh5 Nh8 25.f4 Be7 26.f5 Bxc5 27.Rxc5 b6 28.Rc2 Qg5
29.Be2 Re7 30.h4 1-0

[Event "LJEM M-V 2023 u14"]
[Site "Fleether Mühle"]
[Date "2023.02.04"]
[Round "1.5"]
[White "Briese, Paul"]
[Black "Tsiple, Dragos"]
[Result "1-0"]
[WhiteElo "1310"]
[BlackElo "959"]
[Time "14:30:00"]
[WhiteTeam "SAV Torgelow-Drögeheide 90"]
[BlackTeam "SG Eintracht Neubrandenburg"]

1.e4 d5 2.exd5 Qxd5 3.Nc3 Qa5 4.Nf3 c6 5.a3 Bg4 6.Be2 e6 7.d4 Nf6 8.O-O 
Bd6 9.Nd2 Bxh2+ 10.Kxh2 Qh5+ 11.Kg1 Nbd7 12.Bxg4 Nxg4 13.Nf3 O-O 14.Ne4 e5
15.Ng3 Qh6 16.Bxh6 Nxh6 17.dxe5 Rad8 18.Qe2 Ng4 19.e6 fxe6 20.Qxe6+ Rf7 
21.Ng5 Nde5 22.Nxf7 Nxf7 23.Qxg4 Rf8 24.Nf5 g6 25.Rad1 b6 26.Rd7 a6 27.
Ne7+ Kg7 28.f4 c5 29.f5 Ne5 30.Nxg6+ Nxd7 31.Nxf8+ Kxf8 32.f6 Ne5 33.Qg7+ 
Ke8 34.Qe7# 1-0

[Event "LJEM M-V 2023 u14"]
[Site "Fleether Mühle"]
[Date "2023.02.04"]
[Round "1.6"]
[White "Asmussen, Henry"]
[Black "Grundmann, Max"]
[Result "0-1"]
[WhiteElo "1192"]
[BlackElo "1284"]
[Time "14:30:00"]
[WhiteTeam "HSG Stralsund"]
[BlackTeam "Think Rochade - SC HRO"]

1.e4 c5 2.Nf3 Nc6 3.Nc3 g6 4.Bc4 Bg7 5.d3 e6 6.O-O Nge7 7.Bf4 O-O 8.Qd2 d5
9.Bb3 dxe4 10.Nxe4 Bxb2 11.Rab1 Bg7 12.Bh6 Qa5 13.Qf4 Nf5 14.Nfg5 Nxh6 15.
Nf6+ Kh8 16.Nfxh7 Nd4 17.Qd6 Nhf5 18.Qxf8+ Bxf8 19.Nxf8 Kg7 20.Nfh7 Nxb3 
21.Rxb3 f6 22.Nxe6+ Bxe6 23.Rxb7+ Kh6 24.Nxf6 Ng7 25.Ng4+ Bxg4 26.Re7 Re8 
27.Rfe1 Qxe1+ 28.Rxe1 Rxe1# 0-1

[Event "LJEM M-V 2023 u14"]
[Site "Fleether Mühle"]
[Date "2023.02.04"]
[Round "1.7"]
[White "Wellßow, Lio Keanu"]
[Black "Tadewaldt, Stanley Fiete"]
[Result "1-0"]
[WhiteElo "1131"]
[BlackElo "880"]
[Time "14:30:00"]
[WhiteTeam "HSG Stralsund"]
[BlackTeam "SAV Torgelow-Drögeheide 90"]

1.d4 d5 2.c4 Nf6 3.Nf3 Bg4 4.e3 Bxf3 5.Qxf3 e6 6.Nc3 Bb4 7.Bd2 Bxc3 8.Bxc3
O-O 9.Bd3 Nc6 10.O-O Qd7 11.Rfd1 Rfe8 12.b4 a5 13.a3 b6 14.b5 Ne7 15.c5 
bxc5 16.dxc5 c6 17.Rab1 d4 18.Bxd4 Nfd5 19.Qg3 f6 20.Bxf6 Nf5 21.Bxf5 exf5
22.bxc6 Qf7 23.Rxd5 Qxf6 24.Rd7 Re7 25.Rb8+ Rxb8 26.Qxb8+ Kf7 27.Rxe7+ 
Qxe7 28.Qb7 Kf8 29.c7 1-0

[Event "LJEM M-V 2023 u14"]
[Site "Fleether Mühle"]
[Date "2023.02.04"]
[Round "1.8"]
[White "Stigge, Konrad"]
[Black "Eschrig, Immanuel"]
[Result "0-1"]
[WhiteElo "880"]
[BlackElo "1448"]
[Time "14:30:00"]
[WhiteTeam "SSC Rostock 07"]
[BlackTeam "Greifswalder SV"]

1.e4 e5 2.Nf3 Nc6 3.Bc4 Bc5 4.c3 Nf6 5.d4 exd4 6.cxd4 Bb4+ 7.Bd2 Nxe4 8.
Bxf7+ Kxf7 9.Qb3+ d5 10.Bxb4 Bg4 11.Ne5+ Nxe5 12.dxe5 Re8 13.f3 Qh4+ 14.g3
Nxg3 15.fxg4 Nxh1+ 16.Kd1 Qxg4+ 17.Kc1 Rxe5 18.Nd2 0-1